[Event "Paris-ch op-B"]
[Site "Paris"]
[Date "2009.07.10"]
[Round "7"]
[White "Antipas, Arnaud"]
[Black "Assedo, Johaquim"]
[Result "0-1"]
[WhiteElo "1875"]
[BlackElo "1823"]
[PlyCount "120"]
[EventDate "2009.07.04"]
[EventType "swiss"]
[EventRounds "9"]
[EventCountry "FRA"]
[SourceTitle "EXT 2010"]
[Source "ChessBase"]
[SourceDate "2010.11.25"]
[SourceVersion "1"]
[SourceVersionDate "2010.11.25"]
[SourceQuality "1"]

1. e4 c5 2. Nc3 Nc6 3. Bc4 g6 4. f4 e6 5. a4 Bg7 6. d3 Nge7 7. Ba2 0-0 8. Nf3 d5 9. e5 a6 10. 0-0 b6 11. Qe1 Bb7 12. h3 Nf5 13. Ne2 Rc8 14. g4 Nfe7 15. Ng3 Nb4 16. Bb1 d4 17. Bd2 a5 18. Bxb4 axb4 19. Ne4 Bc6 20. Qh4 Nd5 21. g5 Ne3 22. Re1 Nf5 23. Qf2 Ra8 24. b3 Qd7 25. Nh4 Ra7 26. Kg2 Rfa8 27. Ba2 b5 28. Nf3 Bb7 29. Rh1 Qc6 30. Rac1 bxa4 31. bxa4 Rxa4 32. Bb3 Ne3+ 33. Kg3 Ra3 34. Nfd2 Ba6 35. Qf3 Kf8 36. Nf6 Qxf3+ 37. Kxf3 Bxf6 38. gxf6 Bb5 39. h4 h5 40. Rhg1 Bc6+ 41. Kg3 Bd5 42. Bxd5 exd5 43. Nb3 Rc8 44. Rge1 Nxc2 45. Rxc2 Rxb3 46. f5 Rxd3+ 47. Kf4 gxf5 48. e6 fxe6 49. Rxe6 Kf7 50. Rb6 Rh3 51. Ra2 Rc7 52. Ra8 Kg6 53. Rg8+ Kh6 54. Rbb8 Rb3 55. Kxf5 Rf3+ 56. Ke5 Rxf6 57. Rh8+ Kg6 58. Rhg8+ Rg7 59. Rbe8 Rf3 60. Ke6 d3 0-1

[Event "Paris-ch op-B"]
[Site "Paris"]
[Date "2009.07.06"]
[Round "3"]
[White "Antipas, Arnaud"]
[Black "Fahy, Frederic"]
[Result "1-0"]
[WhiteElo "1875"]
[BlackElo "1660"]
[PlyCount "57"]
[EventDate "2009.07.04"]
[EventType "swiss"]
[EventRounds "9"]
[EventCountry "FRA"]
[SourceTitle "EXT 2010"]
[Source "ChessBase"]
[SourceDate "2010.11.25"]
[SourceVersion "1"]
[SourceVersionDate "2010.11.25"]
[SourceQuality "1"]

1. e4 c5 2. Nc3 d6 3. Bc4 e6 4. f4 Nf6 5. Bb3 Be7 6. d4 cxd4 7. Qxd4 Nc6 8. Qf2 0-0 9. Nf3 Bd7 10. 0-0 Na5 11. h3 Nxb3 12. axb3 Bc6 13. Re1 b5 14. b4 d5 15. exd5 Nxd5 16. Nxd5 Bxd5 17. c3 Bc4 18. Rxa7 Bf6 19. Be3 Qd3 20. Rea1 Rxa7 21. Rxa7 Rd8 22. Bd4 Bxd4 23. Nxd4 Bd5 24. Qe2 Qb1+ 25. Kh2 Qc1 26. Qf2 Be4 27. Qh4 Rf8 28. Qg3 Rd8 29. Nxe6 1-0

[Event "Paris-ch op-B"]
[Site "Paris"]
[Date "2009.07.05"]
[Round "2"]
[White "Heral, Christophe"]
[Black "Antipas, Arnaud"]
[Result "1/2-1/2"]
[WhiteElo "1640"]
[BlackElo "1875"]
[PlyCount "61"]
[EventDate "2009.07.04"]
[EventType "swiss"]
[EventRounds "9"]
[EventCountry "FRA"]
[SourceTitle "EXT 2010"]
[Source "ChessBase"]
[SourceDate "2010.11.25"]
[SourceVersion "1"]
[SourceVersionDate "2010.11.25"]
[SourceQuality "1"]

1. e4 Nf6 2. Nc3 d5 3. exd5 Nxd5 4. Nxd5 Qxd5 5. Nf3 c5 6. d4 Nc6 7. dxc5 Qxd1+ 8. Kxd1 Bg4 9. c3 e5 10. Be3 Be7 11. h3 Bh5 12. g4 Bg6 13. Bb5 f6 14. Ke2 a6 15. Bc4 f5 16. gxf5 Bxf5 17. Bd5 Bf6 18. Bg5 0-0-0 19. Bxf6 gxf6 20. Nh4 Bd3+ 21. Kxd3 Rxd5+ 22. Kc4 Rd2 23. Nf5 Rxf2 24. Nd6+ Kc7 25. Rhf1 Rf4+ 26. Rxf4 exf4 27. Kd5 Rg8 28. Ke4 Ne5 29. Kxf4 Nd3+ 30. Kf5 Nxc5 31. Ne4 1/2-1/2